| 000 | 00773cab a2200253 4500 | ||
|---|---|---|---|
| 001 | WB3420-13 | ||
| 008 | 090401t1998 xxu||||| |||| 00| 0 eng d | ||
| 035 | _a(Sirsi) u86417 | ||
| 041 | _aeng | ||
| 245 | _aSupermite invasion | ||
| 260 | _c1998 | ||
| 350 | _a0 | ||
| 490 |
_aSunday Times _v24 May 1998, 1.8(1) |
||
| 520 | _aA tropical mite, the supermite that produces asthma inducing toxins is invading Southern England, and there are fears that it will spread, according to government scientists. | ||
| 650 | _aASTHMA | ||
| 650 | _aBLOMIA TROPICALIS | ||
| 650 | _aHEALTH HAZARDS | ||
| 650 | _aSOUTH AMERICA | ||
| 650 | _aSOUTHERN ENGLAND | ||
| 650 | _aTROPICAL MITE | ||
| 690 | _aENVIRONMENTAL AND LAND CONSULTANCY | ||
| 942 | _n0 | ||
| 948 | _c27/05/1998 | ||
| 999 |
_c54384 _d54384 |
||